ՀՀ Գիտությունների ազգային ակադեմիայի հիմնարար գիտական գրադարան  =   Fundamental Scientific Library of NAS RA

Декабристы на поселении : (Record no. 434926)

MARC details
000 -LEADER
fixed length control field 01161nam a2200241 a 4500
003 - CONTROL NUMBER IDENTIFIER
control field AM-YeHGA
005 - DATE AND TIME OF LATEST TRANSACTION
control field 20250617155552.0
008 - FIXED-LENGTH DATA ELEMENTS--GENERAL INFORMATION
fixed length control field 180227s1926 ru |||||r|||||001|0|rus||
040 ## - CATALOGING SOURCE
Original cataloging agency AM-YeHGA
041 0# - LANGUAGE CODE
Language code of text/sound track or separate title rus
090 ## - LOCALLY ASSIGNED LC-TYPE CALL NUMBER (OCLC); LOCAL CALL NUMBER (RLIN)
-- 437554
245 00 - TITLE STATEMENT
Title Декабристы на поселении :
Remainder of title Из архива Якушкиных /
Statement of responsibility, etc. Подготовил к печати и снабдил прим. Е. Якушкин.
260 ## - PUBLICATION, DISTRIBUTION, ETC.
Place of publication, distribution, etc. Москва :
Name of publisher, distributor, etc. М. и С. Сабашниковы,
Date of publication, distribution, etc. 1926.
300 ## - PHYSICAL DESCRIPTION
Extent 156 с. ;
Dimensions 23 см.
490 1# - SERIES STATEMENT
Series statement Записи прошлого : Воспоминания и письма / Под ред. С.В. Бахрушина и М.А. Цявловского
500 ## - GENERAL NOTE
General note Сер. указана на шмуцтит.
504 ## - BIBLIOGRAPHY, ETC. NOTE
Bibliography, etc. note Алф. указ.: с.146-155
650 14 - SUBJECT ADDED ENTRY--TOPICAL TERM
Topical term or geographic name entry element История
Geographic subdivision Россия
653 0# - INDEX TERM--UNCONTROLLED
Uncontrolled term Декабристы - История
700 1# - ADDED ENTRY--PERSONAL NAME
Personal name Якушкин, Евгений Евгеньевич
830 #0 - SERIES ADDED ENTRY--UNIFORM TITLE
Uniform title Записи прошлого : Воспоминания и письма / Под ред. С.В. Бахрушина и М.А. Цявловского
942 ## - ADDED ENTRY ELEMENTS (KOHA)
Source of classification or shelving scheme Universal Decimal Classification
Koha item type Գրքեր / Books
Holdings
Withdrawn status Lost status Source of classification or shelving scheme Damaged status Not for loan Collection Home library Current library Date acquired Total checkouts Full call number Barcode Date last seen Price effective from Koha item type Public note
    Universal Decimal Classification     General Fundamental Scientific Library Fundamental Scientific Library 31/07/2019   PII/11469 FL0595471 31/07/2019 31/07/2019 Գրքեր / Books 30 Days Loan


ՀՀ ԳԱԱ հիմնարար գիտական գրադարան
ՀՀ,Երևան 0019
Մարշալ Բաղրամյան 24/6
հեռախոս:(374-10) 52-47-50
Հետադարձ կապ

All site content, except where otherwise noted, is licensed under a
Creative Commons License